[Event "Hessen-ch Seniors op 11th"]
[Site "Bad Sooden-Allendorf"]
[Date "2015.05.15"]
[Round "7"]
[White "Kleist, Werner"]
[Black "Hespers, Rolf"]
[Result "1/2-1/2"]
[WhiteElo "1815"]
[BlackElo "1743"]
[PlyCount "58"]
[EventDate "2015.05.09"]
[EventType "swiss"]
[EventRounds "9"]
[EventCountry "GER"]
[SourceTitle "EXT 2018"]
[Source "ChessBase"]
[SourceDate "2017.10.13"]
[SourceVersion "1"]
[SourceVersionDate "2017.10.13"]
[SourceQuality "1"]

1. b4 c6 2. Bb2 Qb6 3. Qc1 Qxb4 4. a4 Qb6 5. Nf3 d5 6. c4 dxc4 7. Bd4 Qd8 8. Qxc4 Bf5 9. e3 Nd7 10. Qc3 Ngf6 11. Bc4 e6 12. 0-0 c5 13. Be5 Nxe5 14. Bb5+ Ned7 15. d4 a6 16. Bc4 Ne4 17. Qb2 Nd6 18. Ba2 Be7 19. dxc5 Bf6 20. Nd4 Nxc5 21. Qd2 Nxa4 22. Rd1 0-0 23. Qb4 b5 24. Na3 Qb6 25. Nxf5 Bxa1 26. Nxd6 Bc3 27. Qe4 Qc5 28. Bxe6 Rad8 29. Bxf7+ Kh8 1/2-1/2

[Event "Hessen-ch Seniors op 11th"]
[Site "Bad Sooden-Allendorf"]
[Date "2015.05.11"]
[Round "3"]
[White "Hespers, Rolf"]
[Black "Rollwitz, Inge"]
[Result "1/2-1/2"]
[WhiteElo "1743"]
[BlackElo "1467"]
[PlyCount "65"]
[EventDate "2015.05.09"]
[EventType "swiss"]
[EventRounds "9"]
[EventCountry "GER"]
[SourceTitle "EXT 2018"]
[Source "ChessBase"]
[SourceDate "2017.10.13"]
[SourceVersion "1"]
[SourceVersionDate "2017.10.13"]
[SourceQuality "1"]

1. d4 d6 2. e4 Nf6 3. Nc3 c6 4. Bc4 e6 5. Bb3 Be7 6. f4 Qc7 7. Nf3 0-0 8. 0-0 Nbd7 9. e5 dxe5 10. fxe5 Nd5 11. Nxd5 cxd5 12. c3 f6 13. Bf4 Kf7 14. Qd2 Qd8 15. c4 Nb6 16. c5 Nc4 17. Bxc4 dxc4 18. Qc3 Qd5 19. Nd2 b5 20. cxb6 axb6 21. Qxc4 Bb7 22. Qxd5 Bxd5 23. a3 f5 24. Rfc1 g5 25. Be3 f4 26. Bf2 g4 27. Rc3 h5 28. Nc4 h4 29. Nxb6 Rab8 30. Nxd5 exd5 31. b4 g3 32. Be1 gxh2+ 33. Kxh2 1/2-1/2

[Event "Hessen-ch Seniors op 07th"]
[Site "Bad Sooden-Allendorf"]
[Date "2011.05.03"]
[Round "4"]
[White "Hespers, Rolf"]
[Black "Knobling, Rolf"]
[Result "1/2-1/2"]
[WhiteElo "1418"]
[BlackElo "1302"]
[PlyCount "26"]
[EventDate "2011.04.30"]
[EventType "swiss"]
[EventRounds "9"]
[EventCountry "GER"]
[SourceTitle "EXT 2012"]
[Source "ChessBase"]
[SourceDate "2011.11.24"]
[SourceVersion "1"]
[SourceVersionDate "2011.11.24"]
[SourceQuality "1"]

1. d4 d5 2. Nf3 Nf6 3. Bf4 e6 4. Nbd2 Nbd7 5. h3 c5 6. c3 cxd4 7. cxd4 Qa5 8. a3 Be7 9. e3 0-0 10. Bd3 b5 11. 0-0 Bb7 12. Qe2 a6 13. Rfc1 Rfc8 1/2-1/2

[Event "Hessen-ch Seniors op 05th"]
[Site "Bad Sooden-Allendorf"]
[Date "2009.04.28"]
[Round "4"]
[White "Mellenthin, Horst"]
[Black "Hespers, Rolf"]
[Result "1-0"]
[WhiteElo "1698"]
[BlackElo "1468"]
[PlyCount "43"]
[EventDate "2009.04.25"]
[EventType "swiss"]
[EventRounds "9"]
[EventCountry "GER"]
[SourceTitle "EXT 2022"]
[Source "ChessBase"]
[SourceDate "2021.10.06"]
[SourceVersion "1"]
[SourceVersionDate "2021.10.06"]
[SourceQuality "1"]

1. e4 c5 2. Nf3 Nc6 3. d4 cxd4 4. Nxd4 Qb6 5. Nb3 g6 6. Be3 Qc7 7. Nc3 Bg7 8. Qd2 Nf6 9. Be2 a6 10. Nd5 Nxd5 11. exd5 Na7 12. Bd4 Bxd4 13. Qxd4 0-0 14. c4 d6 15. 0-0 b6 16. Rad1 Bd7 17. Rd3 Rfc8 18. Re3 Re8 19. Qh4 e5 20. Qf6 Bf5 21. Rg3 Qd8 22. Qxf5 1-0

[Event "Hessen-ch Seniors op 05th"]
[Site "Bad Sooden-Allendorf"]
[Date "2009.04.27"]
[Round "3"]
[White "Hespers, Rolf"]
[Black "Schlemminger, Degenhard"]
[Result "0-1"]
[WhiteElo "1468"]
[BlackElo "1648"]
[PlyCount "86"]
[EventDate "2009.04.25"]
[EventType "swiss"]
[EventRounds "9"]
[EventCountry "GER"]
[SourceTitle "EXT 2022"]
[Source "ChessBase"]
[SourceDate "2021.10.06"]
[SourceVersion "1"]
[SourceVersionDate "2021.10.06"]
[SourceQuality "1"]

1. d4 Nf6 2. c4 d5 3. cxd5 Nxd5 4. e4 Nb6 5. Nc3 e6 6. a3 g6 7. Nf3 Bg7 8. Be3 0-0 9. Qd2 Re8 10. Rd1 N8d7 11. Bd3 Qe7 12. Bh6 f5 13. 0-0 Nf6 14. exf5 exf5 15. Rfe1 Qf8 16. Rxe8 Nxe8 17. Bf4 Bd7 18. Be5 Rd8 19. Qc2 Bc6 20. Ng5 Qe7 21. f4 h6 22. Nf3 Bxf3 23. gxf3 c6 24. Qf2 Kh7 25. Kh1 Bxe5 26. dxe5 Qg7 27. Qc2 Nc7 28. Rg1 Rf8 29. Ne2 Ne6 30. Ng3 Nd4 31. Qf2 Qd7 32. Qg2 Nd5 33. Nh5 Qf7 34. Qf2 c5 35. Nf6+ Nxf6 36. exf6 Qxf6 37. h4 Ne6 38. Qg3 Ng7 39. Bc4 Nh5 40. Qh2 Qd4 41. b3 Qxf4 42. Qf2 g5 43. hxg5 hxg5 0-1

[Event "Hessen-ch Seniors op 05th"]
[Site "Bad Sooden-Allendorf"]
[Date "2009.04.26"]
[Round "2"]
[White "Graffenberger, Marianne"]
[Black "Hespers, Rolf"]
[Result "0-1"]
[WhiteElo "1207"]
[BlackElo "1468"]
[PlyCount "76"]
[EventDate "2009.04.25"]
[EventType "swiss"]
[EventRounds "9"]
[EventCountry "GER"]
[SourceTitle "EXT 2022"]
[Source "ChessBase"]
[SourceDate "2021.10.06"]
[SourceVersion "1"]
[SourceVersionDate "2021.10.06"]
[SourceQuality "1"]

1. e4 e5 2. Nf3 Nc6 3. d4 exd4 4. Nxd4 Bc5 5. Be3 Nxd4 6. Bxd4 Bxd4 7. Qxd4 Qf6 8. c3 Qxd4 9. cxd4 b6 10. Bd3 Ne7 11. 0-0 Bb7 12. Re1 Nc6 13. d5 Nb4 14. Re3 Ba6 15. Bxa6 Nxa6 16. Nc3 0-0 17. a3 c6 18. b4 b5 19. Ree1 Rfe8 20. f3 Nc7 21. Kf2 a5 22. bxa5 Rxa5 23. Reb1 Rea8 24. d6 Ne6 25. f4 Nxf4 26. g3 Ne6 27. h4 Rxa3 28. Rxa3 Rxa3 29. Ne2 Nc5 30. e5 Nd3+ 31. Kg2 Nxe5 32. Nd4 Ra2+ 33. Kh3 Ra5 34. Nf5 f6 35. Ne7+ Kf7 36. Nc8 Ke6 37. h5 Ra8 38. Nb6 Rb8 0-1

[Event "Hessen-ch Seniors op 03rd"]
[Site "Bad Sooden-Allendorf"]
[Date "2007.05.02"]
[Round "5"]
[White "Krause, Werner"]
[Black "Hespers, Rolf"]
[Result "0-1"]
[WhiteElo "1394"]
[BlackElo "1548"]
[PlyCount "72"]
[EventDate "2007.04.27"]
[EventType "swiss"]
[EventRounds "9"]
[EventCountry "GER"]
[SourceTitle "EXT 2022"]
[Source "ChessBase"]
[SourceDate "2021.10.06"]
[SourceVersion "1"]
[SourceVersionDate "2021.10.06"]
[SourceQuality "1"]

1. Nc3 e5 2. d4 exd4 3. Qxd4 Nc6 4. Qa4 a6 5. Nf3 Nf6 6. Bg5 Be7 7. e3 0-0 8. Bd3 h6 9. Qh4 Nh7 10. Bxe7 Qxe7 11. Nd5 Qd6 12. 0-0-0 Nf6 13. Nf4 Qe7 14. g4 d6 15. h3 Nb4 16. Bc4 Be6 17. Nxe6 fxe6 18. a3 d5 19. Be2 Nc6 20. Qg3 Ne4 21. Qg2 Rf6 22. Bd3 Nxf2 23. g5 hxg5 24. Nxg5 Nxd3+ 25. Rxd3 Rg6 26. h4 Ne5 27. Rdd1 Nc4 28. Qe2 Qf6 29. c3 Rf8 30. Rdf1 Qe7 31. Qh5 Rh6 32. Qe2 Nd6 33. b3 Nf7 34. Kb2 Nxg5 35. Rxf8+ Kxf8 36. Qf1+ Nf7 0-1

[Event "Bad Wildungen Seniors op-B 1st"]
[Site "Bad Wildungen"]
[Date "2004.07.08"]
[Round "6"]
[White "Hespers, Rolf"]
[Black "Geissler, Walter"]
[Result "1/2-1/2"]
[WhiteElo "1540"]
[BlackElo "1409"]
[PlyCount "28"]
[EventDate "2004.07.03"]
[EventType "swiss"]
[EventRounds "9"]
[EventCountry "GER"]
[SourceTitle "EXT 2006"]
[Source "ChessBase"]
[SourceDate "2005.11.24"]
[SourceVersion "1"]
[SourceVersionDate "2005.11.24"]
[SourceQuality "1"]

1. d4 d5 2. e4 dxe4 3. Nc3 Nf6 4. f3 exf3 5. Nxf3 Bg4 6. h3 Bxf3 7. Qxf3 c6 8. Be3 e6 9. a3 Be7 10. Bc4 Nbd7 11. 0-0 Nb6 12. Bb3 Qd7 13. Bf4 Bd6 14. Bg5 Be7 1/2-1/2